| 000 | 00612nam a22001937a 4500 | ||
|---|---|---|---|
| 005 | 20180830100900.0 | ||
| 010 | _aENG-123894 | ||
| 020 |
_c195.00 _a9788192101408 |
||
| 035 | _aEN-107426 | ||
| 037 | _bDBAD/PUB | ||
| 082 | _a951.01 | ||
| 100 | _aBhattacharyya, Amit | ||
| 245 |
_aThe chinese civilization: _cby Amit Bhattacharyya _bhsia to the ch'in dynasty 2207 BC-206 BC / |
||
| 260 |
_c2011 _aKolkata _bRachayita |
||
| 270 |
_a59/5, Garfa Main Road _bKolkata _e700075 |
||
| 300 |
_c21cm.(pbk.) _a181p. _bill.(Maps) |
||
| 500 | _aIt includes bibliography | ||
| 942 |
_cEN _2ddc _mBHA _h951.01 |
||
| 999 |
_c156581 _d156581 |
||